| 000 | 00349nam a2200133 a 4500 | ||
|---|---|---|---|
| 001 | 4939 | ||
| 003 | CDMR | ||
| 005 | 20130314165131.0 | ||
| 008 | 130130s2003||||||||||||||||||||||||||||d | ||
| 040 |
_aCDMR _bcat _cCDMR |
||
| 245 | 0 | 0 | _aItinerari de creació fotogràfica a Lleida |
| 260 |
_aLleida _c2003 _bAssociació Fotogràfica dMostra |
||
| 942 |
_cMON _2udc |
||
| 999 |
_c4939 _d4939 |
||